The life of an unknown : the rediscovered world of a clog maker in nineteenth-century France

Αποθηκεύτηκε σε:
Λεπτομέρειες βιβλιογραφικής εγγραφής
Κύριος συγγραφέας: Corbin, Alain
Άλλοι συγγραφείς: Goldhammer, Arthur (trlf)
Μορφή: Βιβλίο
Γλώσσα:English
Δημοσίευση: New York : Columbia University Press, c2001.
Θέματα:
Ετικέτες: Προσθήκη ετικέτας
Δεν υπάρχουν, Καταχωρήστε ετικέτα πρώτοι!

MARC

LEADER 00000nam a2200000 a 4500
001 1/126677
008 230525s2001####nyu| ||| |||| ||eng||
020 |a 944.23 
040 |a GR-MyUa  |b gre  |c GR-MyUa  |e AACR2 
041 1 |a eng 
082 7 |a 944.23  |2 (23) 
100 1 |a Corbin, Alain. 
245 1 4 |a The life of an unknown :   |b the rediscovered world of a clog maker in nineteenth-century France /   |c Alain Corbin ; translated by Arthur Goldhammer.  
260 |a New York :   |b Columbia University Press,   |c c2001.  
300 |a xiii, 271 σ. ;   |c 23 εκ.  
504 |a Περιλαμβάνει βιβλιογραφικές παραπομπές και ευρετήριο.  
600 1 0 |a Pinagot, Louis-Francois,   |d 1798-1876. 
650 0 |a Woodworkers  |z France  |z Origny-le-Butin Region  |v Biography. 
650 0 |a Country life  |z France  |z Origny-le-Butin Region  |x History  |y 19th century. 
700 1 |a Goldhammer, Arthur,  |e trlf 
852 |a INST  |b LESVOS  |e 20230525  |h 944.23 COR  |p 005100064565  |q 005100064565  |t BK  |y 0 
970 |a Δημάκη  |b Μαρία  |z 25-05-2023